书目信息 |
| 题名: |
CISCO网络核心技术精解
|
|
| 作者: | 赖利, , 赖利 著 ;江魁 , 邢京武 译 | |
| 分册: | ||
| 出版信息: | 北京 中国水利水电出版社 2005 |
|
| 页数: | 837页 | |
| 开本: | 26cm | |
| 丛书名: | 万水网络与安全技术丛书 | |
| 单 册: | ||
| 中图分类: | TP393 | |
| 科图分类: | ||
| 主题词: | 计算机网络 | |
| 电子资源: | ||
| ISBN: | 7-5084-2748-3 | |
| 000 | 01297nam 2200313 450 | |
| 001 | 010237254655 | |
| 005 | 20050721080705.35 | |
| 010 | @a7-5084-2748-3@dCNY85.00 | |
| 100 | @a20050719d2005 km y0chiy0120 ea | |
| 101 | 1 | @achi@ceng |
| 102 | @aCN@b110000 | |
| 105 | @aa z 000yy | |
| 200 | 1 | @aCISCO网络核心技术精解@ACISCO wang luo he xin ji shu jing jie@d= Best damn CISCO internetworking book period@f(美)赖利等著@F(mei)lai li deng zhu@g江魁, 邢京武等译@Gjiang kui,xing jing wu deng yi@zeng |
| 210 | @a北京@c中国水利水电出版社@d2005 | |
| 215 | @a837页@c图@d26cm | |
| 225 | 2 | @a万水网络与安全技术丛书 |
| 305 | @a据Syngress Publishing, Inc. 2003年英文版译出 | |
| 314 | @a责任者规范汉译姓: 赖利 | |
| 330 | @a本书是一部完整的Cisco联网技术精解,内容共分为九章:Cisco技术、路由器和交换机;广域网;无线网络技术;IP寻址、多播和IPv6;IP路由选择;服务质量(QoS);Cisco网络安全;Cisco PIX防火墙;Cisco IP语音(VoIP)等。 | |
| 410 | 0 | @12001 @a万水网络与安全技术丛书 |
| 510 | 1 | @aBest damn CISCO internetworking book period@zeng |
| 606 | 0 | @a计算机网络 |
| 690 | @aTP393@v4 | |
| 701 | 1 | @a赖利,@Alai li,@bC.@g(Riley, Charles)@4著 |
| 701 | 0 | @a赖利@Alai li@4著 |
| 702 | 0 | @a江魁@Ajiang kui@4译 |
| 702 | 0 | @a邢京武@Axing jing wu@4译 |
| 801 | 0 | @aCN@bQSSK@c20050721 |
| 905 | @a10447@dTP393@eL030 | |
| CISCO网络核心技术精解= Best damn CISCO internetworking book period/(美)赖利等著/江魁, 邢京武等译.-北京:中国水利水电出版社,2005 |
| 837页:图;26cm.-(万水网络与安全技术丛书) |
| ISBN 7-5084-2748-3:CNY85.00 |
| 本书是一部完整的Cisco联网技术精解,内容共分为九章:Cisco技术、路由器和交换机;广域网;无线网络技术;IP寻址、多播和IPv6;IP路由选择;服务质量(QoS);Cisco网络安全;Cisco PIX防火墙;Cisco IP语音(VoIP)等。 |
| ● |
| 相关链接 |
|
|
|
正题名:CISCO网络核心技术精解
索取号:TP393/L030
 
预约/预借
| 序号 | 登录号 | 条形码 | 馆藏地/架位号 | 状态 | 备注 |
| 1 | 525586 | 205255864 | 自科库301/301自科库 115排2列4层/ [索取号:TP393/L030] | 在馆 | |
| 2 | 525587 | 205255873 | 自科库301/301自科库 115排2列4层/ [索取号:TP393/L030] | 在馆 |